| 000 | 01286nam0a2200313 i 4500 | ||
|---|---|---|---|
| 001 | RU\NLR\bibl\1988412 | ||
| 005 | 20260406062909.0 | ||
| 010 |
_a9785916576061 _91000 |
||
| 021 |
_aRU _b2012-99886 _97372 |
||
| 035 | _a(NLR Aleph) 001976976 | ||
| 090 |
_a4035721 _c4035721 |
||
| 100 | _a20130118d2013 u y0rusy50 ca | ||
| 101 | 1 |
_arus _ceng |
|
| 102 | _aRU | ||
| 105 | _aa ||||||||| | ||
| 200 | 1 |
_aПереходим на Mac _fПол Макфедрис _gпер. с англ. Игоря Лейко [и др.] |
|
| 210 |
_aМосква _cМанн, Иванов и Фербер _d2013 [т.е. 2012] |
||
| 215 |
_a383 с. _cцв. ил. _d24 |
||
| 300 | _aЗагл. и авт. ориг.: Switching to a Mac / Paul McFedries | ||
| 300 | _aКн. фактически изд. в 2012 г. | ||
| 454 | 0 |
_12001#$aSwitching to a Mac _1700#1$3RU\NLR\auth\7730319$7ba$aMcFedries$bP.$f1959-$gPaul$4070 _tSwitching to a Mac _aMcFedries, Paul (1959-) |
|
| 606 |
_aMAC OS X, операционная система _92312019 _3RU\NLR\auth\661383660 |
||
| 686 | _aЗ973.23-018.2 | ||
| 700 | 1 |
_4070 _8rus _7ca _aМак-Федрис _bП. _f1959- _gПол _3RU\NLR\auth\7713035 _9122741 |
|
| 801 | 0 |
_aRU _bNLR _c20130118 _gRCR |
|
| 801 | 1 |
_aRU _bNLR _c20130118 |
|
| 942 | _cBOOK | ||
| 980 | _aNBR | ||